| LEADER | 00360cam a2200133 7i4500 | ||
|---|---|---|---|
| 001 | 0000026664 | ||
| 005 | 20110729090000.0 | ||
| 090 | 0 | 0 | |a T 382.7 |b SRI (SRLA) |
| 245 | 0 | 0 | |a Sri Lanka tariff guide 2011. |
| 260 | 0 | 0 | |a [S.l]: |b [s.n], |c 2011. |
| 300 | # | # | |a [n.p]. |
| 650 | 0 | 0 | |a Tariff -- |z Sri Lanka |
| 651 | 0 | 0 | |a Sri Lanka |
| 999 | |a 0000028895 |b Book |c Tariffs |e Business Information Centre | ||